Siglas de Aeroportos Brasileiros - Statistics

Estatísticas Gerais
  • Esse quiz foi jogado 100 vezes
  • A pontuação média é 17 de 20
Estatísticas das Respostas
Código Cidade/Aeroporto % Correto
BSB Brasília
98%
FOR Fortaleza
98%
AJU Aracaju
96%
GRU São Paulo-Guarulhos
96%
POA Porto Alegre
93%
BEL Belém
90%
VCP Campinas-Viracopos
90%
CNF Belo Horizonte-Confins
88%
CWB Curitiba
88%
SSA Salvador
88%
VIX Vitória
88%
GIG Rio de Janeiro-Galeão
85%
MCZ Maceió
83%
IGU Foz do Iguaçu
79%
SLZ São Luís
79%
MAO Manaus
78%
BVB Boa Vista
76%
GYN Goiânia
75%
CGB Cuiabá
74%
CGR Campo Grande
70%
Nenhum quiz correspondente encontrado
Distribuição das Pontuações
Porcentagem de Pessoas com Cada Pontuação
Percentil de Números Respondidos
Sua Pontuação Histórica
Você não jogou esse quiz